000 00610nam a2200229Ia 4500
003 OSt
005 20220928103323.0
006 a|||||r|||| 00| 0
007 ta
008 220927b |||||||| |||| 00| 0 eng d
024 _a94267
037 _cTextual
040 _aSDCL
_cSDCL
_beng
041 _2eng
_aeng
082 _aO152,2N251:g, P2
100 _aRai Narnaryan
_9403428
245 0 _aNatakkar Laxmi Narayan Lal.
260 _aNew Delhi
_bAnurodh Prakashan
_c2002
300 _a208p.
_ccm.
942 _hO152,2N251:g, P2
_cTEXL
_2CC
999 _c719226
_d719226